Versatile Indian Architects (Record no. 7783)

000 -LEADER
fixed length control field 00996cam a2200277 a 4500
005 - DATE AND TIME OF LATEST TRANSACTION
control field 20200521120430.0
008 - FIXED-LENGTH DATA ELEMENTS--GENERAL INFORMATION
fixed length control field 090818s2008 ii a g 000 0deng d
010 ## - LIBRARY OF CONGRESS CONTROL NUMBER
LC control number 2009305083
020 ## - INTERNATIONAL STANDARD BOOK NUMBER
International Standard Book Number 9788190878906
025 ## - OVERSEAS ACQUISITION NUMBER
Overseas acquisition number I-E-2009-305083; 17-92
035 ## - SYSTEM CONTROL NUMBER
System control number (OCoLC)ocn432588445
035 ## - SYSTEM CONTROL NUMBER
System control number (OCoLC)432588445
037 ## - SOURCE OF ACQUISITION
Stock number Library of Congress -- New Delhi Overseas Office
Terms of availability Rs3500.00
040 ## - CATALOGING SOURCE
Original cataloging agency DKAGE
Language of cataloging eng
Transcribing agency DKAGE
Modifying agency DLC
042 ## - AUTHENTICATION CODE
Authentication code lccopycat
-- lcode
043 ## - GEOGRAPHIC AREA CODE
Geographic area code a-ii---
050 00 - LIBRARY OF CONGRESS CALL NUMBER
Classification number NA1505
Item number .G65 2008
082 04 - DEWEY DECIMAL CLASSIFICATION NUMBER
Classification number 720.954FLA
Edition number 22
245 00 - TITLE STATEMENT
Title Versatile Indian Architects
Remainder of title the power of architecture /
Statement of responsibility, etc [compiled by Dhwaj Shah].
260 ## - PUBLICATION, DISTRIBUTION, ETC. (IMPRINT)
Place of publication, distribution, etc Mumbai, India :
Name of publisher, distributor, etc White Flag Media & Communications,
Date of publication, distribution, etc [2008?]
300 ## - PHYSICAL DESCRIPTION
Extent ix, 273 p. :
Other physical details ill. (chiefly col.) ;
Dimensions 25 x 37 cm +
Accompanying material 1 CD-ROM.
650 #0 - SUBJECT ADDED ENTRY--TOPICAL TERM
Topical term or geographic name as entry element Architecture
Geographic subdivision India
General subdivision History
Chronological subdivision 21st century.
650 #0 - SUBJECT ADDED ENTRY--TOPICAL TERM
Topical term or geographic name as entry element Architecture
Geographic subdivision India
General subdivision History
Chronological subdivision 21st century
Form subdivision Pictorial works.
650 #0 - SUBJECT ADDED ENTRY--TOPICAL TERM
Topical term or geographic name as entry element Architects
Geographic subdivision India
Form subdivision Biography.
942 ## - ADDED ENTRY ELEMENTS (KOHA)
Source of classification or shelving scheme
Holdings
Withdrawn status Lost status Source of classification or shelving scheme Damaged status Koha normalized classification for sorting Not for loan Permanent location Current location Date acquired Full call number Barcode Date last seen Price effective from Koha item type
        720_000000000000000_954FLA   BMS College of Architecture, Design and Planning BMS College of Architecture, Design and Planning 2020-05-21 720.954FLA AR-UG1544 2020-05-21 2020-05-21 UG Books
Copyright © 2025, The Librarian, Library and Information Centre, BMSCA D&P, Bengaluru. All Rights Reserved
web counter

Powered by Koha